| 000 | 00647nam a2200229Ia 4500 | ||
|---|---|---|---|
| 003 | OSt | ||
| 005 | 20221005121548.0 | ||
| 006 | a|||||r|||| 00| 0 | ||
| 007 | ta | ||
| 008 | 221004b |||||||| |||| 00| 0 eng d | ||
| 024 | _a70337 | ||
| 037 | _cTextual | ||
| 040 |
_aCRL _cCRL _beng |
||
| 041 |
_2eng _aeng |
||
| 082 | _aY1:1.2.D, C3.2-;1-;2-;3 C3.1 | ||
| 100 | _aDutt Romesh Chunder | ||
| 245 | 0 | _aHistory of civilization in ancient India based on Sanskrit literature | |
| 260 | _c1893 | ||
| 650 | _aSOCIOLOGY | ||
| 942 |
_hY1:1.2.D, C3.2-;1-;2-;3 C3.1 _cTEXL _2cc |
||
| 999 |
_c1041552 _d1041552 |
||